|
|
|
|
| LEADER |
00942cam a2200241 7i4500 |
| 001 |
0000033164 |
| 005 |
20170215090000.0 |
| 008 |
100805 eng |
| 020 |
|
|
|a 9780761950219
|
| 020 |
|
|
|a 0761950214 (pbk.)
|
| 090 |
0 |
0 |
|a HF5549.5.C8
|b C36 1996
|
| 100 |
1 |
|
|a Carroll, Michael
|
| 245 |
1 |
0 |
|a Workplace counselling :
|b a systematic approach to employee care
|c Michael Carroll.
|
| 260 |
|
|
|a London:
|b Sage Pub. Ltd.,
|c 1996.
|
| 300 |
|
|
|a xiii, 247 p.:
|b ill.;
|c 22 cm.
|
| 504 |
|
|
|a Includes bibliographical references and index
|
| 650 |
0 |
0 |
|a Employees --
|x Counseling of
|
| 650 |
0 |
0 |
|a Personnel
|a Counselling
|
| 997 |
|
|
|a Education & Social Sciences, Faculty
|b Social Sciences, Department
|
| 998 |
|
|
|a Industrial Psychology, Degree
|
| 999 |
|
|
|a 0000041471
|b BOK
|c OPEN SHELF
|e 1st Floor, Shah Alam
|
| 999 |
|
|
|a 0000041472
|b BOK
|c OPEN SHELF
|e 1st Floor, Shah Alam
|
| 999 |
|
|
|a 0000041473
|b BOK
|c OPEN SHELF
|e 1st Floor, Shah Alam
|